000 00304nam a2200121 i 4500
001 bg
245 0 _aVzaimodejstvie eksitonov v poluprovodnikach /
_cpod red. V.A. Moskalenki.
260 _aKiĊĦinev,
_c1974.
040 _cBPK
041 _apol
942 _cKS
008 s pl f |000 0 pol
999 _c26577
_d26577
856 _uhttp://koha.tu.koszalin.pl/cgi-bin/koha/opac-detail.pl?biblionumber=26577
_yKatalog online BPK